| 000 | 00774nac a22002171u 4500 | ||
|---|---|---|---|
| 010 | _a99032138 | ||
| 020 | _a0072356448 (alk. paper) | ||
| 035 | _a(DLC) 99032138 | ||
| 082 | 0 | 0 |
_a621.3 _bK1912 |
| 090 |
_c940 _d940 |
||
| 100 | _aKasap, S. O. | ||
| 245 | 1 | 0 |
_aPrinciples of electrical engineering materials and devices / _cS.O. Kasap. |
| 250 | _aRev. ed. | ||
| 260 |
_aBoston : _bMcGraw Hill,2000 _cc2000. |
||
| 300 |
_axii, 690 p. : _bill. ; _ccm. |
||
| 500 | _aIncludes index. | ||
| 650 | 0 |
_aElectric engineering _xMaterials. |
|
| 650 | 0 | _aElectric apparatus and appliances. | |
| 942 |
_cNB _k621.3K1912 |
||
| 999 |
_c940 _d940 |
||